| 000 | 00590nam a2200193 a 4500 | ||
|---|---|---|---|
| 001 | 2704 | ||
| 003 | CDMR | ||
| 005 | 20131115121801.0 | ||
| 008 | 130130s1989||||||||||||||||||||||||||||d | ||
| 020 | _a8475095151 | ||
| 040 |
_aCDMR _bcat _cCDMR |
||
| 100 | 1 |
_aVilches, Lorenzo _91283 |
|
| 245 | 1 | 0 | _aManipulación de la información televisiva |
| 260 |
_aBarcelona _c1989 _bPaidós |
||
| 650 | 0 | 4 |
_93377 _aMitjans de comunicació de massa i llenguatge |
| 650 | 0 | 4 |
_9980 _aComunicació _xAspectes ètics i morals |
| 650 | 0 | 4 |
_93243 _aMitjans de comunicació de massa _xManipulació |
| 942 |
_cMON _2udc |
||
| 999 |
_c2704 _d2704 |
||